Carencias, limitaciones, frustraciones y esperanzas de la vida militante de la izquierda costarricense en los años setenta y ochenta /

Gespeichert in:
Bibliographische Detailangaben
1. Verfasser: Salom E., Roberto
Format: Text
Schlagworte:
Tags: Tag hinzufügen
Keine Tags, Fügen Sie den ersten Tag hinzu!

MARC

LEADER 00000 a a2200000 04500
001 14568
003
040
100 |a Salom E., Roberto  
245 |a Carencias, limitaciones, frustraciones y esperanzas de la vida militante de la izquierda costarricense en los años setenta y ochenta /  |c Roberto Salom E. 
650 |a RESEÑAS BIBLIOGRAFICAS  
773 |g número 115; páginas 143-146  
999 |c 39912  |d 39912 
773 0 |0 18728  |9 3028  |a Universidad de Costa Rica  |d San José, Costa Rica Editorial UCR 1956-  |o 06316  |t Revista de Ciencias Sociales/  |x 04825276